Loading...
| Fine Arts - Auditory Fine Arts | 6 | 11.67 | 100% | 17% | 0% |
| Fine Arts - Other Fine Arts | 4 | 7.50 | 75% | 0% | 0% |
| Fine Arts - Visual Fine Arts | 5 | 10.00 | 100% | 0% | 0% |
| History - American History | 4 | 15.00 | 75% | 50% | 25% |
| History - European History | 3 | 13.33 | 100% | 33% | 0% |
| History - Other History | 2 | 10.00 | 100% | 0% | 0% |
| History - World History | 3 | 10.00 | 100% | 0% | 0% |
| Literature - American Literature | 5 | 12.00 | 100% | 20% | 0% |
| Literature - British Literature | 3 | 10.00 | 100% | 0% | 0% |
| Literature - European Literature | 2 | 20.00 | 100% | 100% | 0% |
| Literature - World Literature | 5 | 12.00 | 80% | 20% | 20% |
| Mythology | 3 | 13.33 | 100% | 33% | 0% |
| Other Academic | 1 | 10.00 | 100% | 0% | 0% |
| Philosophy | 5 | 8.00 | 60% | 20% | 0% |
| Pop Culture | 3 | 10.00 | 67% | 0% | 33% |
| Religion | 2 | 20.00 | 100% | 100% | 0% |
| Science - Biology | 6 | 13.33 | 100% | 17% | 17% |
| Science - Chemistry | 2 | 10.00 | 50% | 50% | 0% |
| Science - Other Science | 3 | 13.33 | 100% | 33% | 0% |
| Science - Physics | 4 | 17.50 | 100% | 50% | 25% |
| Social Science | 7 | 14.29 | 100% | 29% | 14% |